تخطي إلى المحتوى

Элементы интеллектуальной автоматизированной системы разработки технологии изготовления зубчатых колёс учебное пособие

Позволяет ознакомиться с современными методами разработки интеллектуальных автоматизированных систем, предназначенных для разработки технологии изготовления машиностроительных изделий с минимальным участием человека. Представлен проект и описание программного обеспечения информационной системы автом...

وصف كامل

محفوظ في:
التفاصيل البيبلوغرافية
المؤلف الرئيسي: Мокрозуб В. Г.
مؤلفون آخرون: Немтинов В. А., Егоров С. Я.
التنسيق: Книга
اللغة:Russian
منشور في: Тамбов ТГТУ 2021
الوصول للمادة أونلاين:https://e.lanbook.com/book/320519
https://e.lanbook.com/img/cover/book/320519.jpg
الوسوم: إضافة وسم
لا توجد وسوم, كن أول من يضع وسما على هذه التسجيلة!
LEADER 02599nam0a2200301 i 4500
001 320519
003 RuSpLAN
005 20240216150941.0
008 240216s2021 ru gs 000 0 rus
020 |a 978-5-8265-2419-0 
040 |a RuSpLAN 
041 0 |a rus 
044 |a ru 
080 |a 54.058(075) 
084 |a Н76я73  |2 rubbk 
245 0 0 |a Элементы интеллектуальной автоматизированной системы разработки технологии изготовления зубчатых колёс  |b учебное пособие  |c Мокрозуб В. Г.,Немтинов В. А.,Егоров С. Я. 
260 |a Тамбов  |b ТГТУ  |c 2021 
300 |a 116 с. 
504 |a Библиогр.: доступна в карточке книги, на сайте ЭБС Лань 
520 8 |a Позволяет ознакомиться с современными методами разработки интеллектуальных автоматизированных систем, предназначенных для разработки технологии изготовления машиностроительных изделий с минимальным участием человека. Представлен проект и описание программного обеспечения информационной системы автоматизированной разработки технологии изготовления цилиндрических эвольвентных зубчатых колёс. Подробно описаны продукционные правила вида «Если … , то …», позволяющие получать последовательность технологических операций в зависимости от типа зацепления», твёрдости, массы, вида заготовки и др. Предназначено для студентов 4 курса направления подготовки 15.03.01, 15.04.01 «Машиностроение», профиль «Цифровое машиностроение». 
521 8 |a Книга из коллекции ТГТУ - Инженерно-технические науки 
521 8 |a СЭБ 
100 1 |a Мокрозуб В. Г. 
700 1 |a Немтинов В. А. 
700 1 |a Егоров С. Я. 
856 4 |u https://e.lanbook.com/book/320519 
856 4 8 |u https://e.lanbook.com/img/cover/book/320519.jpg 
953 |a https://e.lanbook.com/img/cover/book/320519.jpg